000 01020nam a22002417a 4500
001 81601
003 BD-RjUL
005 20230820123033.0
008 230724s2019 bg a|||| m||| 00| 0 eng d
035 _a(BD-RjUL)81601
040 _aBD-RjUL
_beng
_cBD-RjUL
_dBD-RjUL
041 _aeng
082 _223
_a664.722
_bHAE 2019
100 _aHassan, Mirza Fida,
_98121
245 1 0 _aEnhancement of abiotic stress tolerance through somatic and gametic embryogenesis in wheat (Triticum aestivum L.) /
_cBy Mirza Fida Hassan ;
_6Supervisor : S.M. Shahinul Islam,
260 _aRajshahi :
_bPlant Genetic Engineering Lab. Institute of Biological Sciences, University of Rajshahi,
_c2019.
300 _axx, 222 leaves :
_bill, ;
_c29.cm,
502 _aThesis (Ph. D.) -- Plant Genetic Engineering Lab. Institute of Biological Sciences, University of Rajshahi, 2019
504 _aReferences : Leaves 177 - 176
650 _aWheat
_vFood technology
_96391
700 _aIslam, S S.M. Shahinul, Supervisor
_98122
942 _2ddc
_cTHE
999 _c81601
_d81601